000 00526 a2200181 4500
020 _a007123201X
040 _aDLC
_bDLC
082 _a621.3824
100 _aJohn Daniel Kraus
245 _aAntennas for all applications
_cKraus, John Daniel
250 _a3
260 _aNew Delhi :
_b McGraw-Hill Book Co
_c2002.
300 _axviii, 938 p. :
_bill. ;
_c24 cm.
500 _aIncludes bibliographical references and index
650 _aAntennas (Electronics)
700 _aMarhefka, Ronald J.
942 _cBK
_k621.3824 KRA
_2ddc
999 _c4663
_d4663